00623cam a22001694a 45000010009000000050017000090080041000260200019000670410008000860800022000942450111001162640049002273000029002764400059003056530035003647000054003991248772920230421142620.0010730s2004 maua bf 001 0 eng  a9781405127004x aeng a159.9(075.8) H-2200aHandbook of research methods in industrial and organizational psychology /cedited by Steven G. Rogelberg. aMalden, Mass :bBlackwell Publishers,c2002. a520 p. :bill. ;c26 cm. 0aBlackwell handbooks of research methods in psychology  aფსიქოლოგია1 aRogelberg, Steven G.eრედაქტორი